000 01324naa a22002897a 4500
001 BR6007120
003 BR-BrBNA
005 20250709164603.0
007 ta
008 250630b bl.|||m| |||| 00| 0 por d
040 _aBR-BrBNA
_bpor
_cBiblioteca Nacional de Agricultura
041 _a(Pt)
072 _aH50; H60
_b1410
090 _aH50 BR6007120
100 1 _aMagalhaes, A.C.
100 1 _aFranco, C.M.
111 1 _a4. Seminario Brasileiro de Herbicidas e Ervas Daninhas; 1. Reuniao Latinoamericana de Luta Contra as Ervas Mas
_cItaguai, RJ (Brazil)
_d3 Jul 1962
245 1 _aEfeito do extrato de nodulos de raizes de feijao-de-porco sobre o desenvolvimento de tuberculos de "tiririca"
500 _aAnais do 4. Seminario Brasileiro de Herbicidas e Ervas Daninhas e 1. Reuniao Latinoamericana de Luta Contra as Ervas Mas Itaguai, RJ (Brasil): 1962. p. 59-63 (BR6007120-AMS)
773 0 _tAnais do 4. Seminario Brasileiro de Herbicidas e Ervas Daninhas e 1. Reuniao Latinoamericana de Luta Contra as Ervas Mas
_wH50 BR6007120
_gItaguai, RJ (Brasil), 1962. p. 59-63
650 _aDISTURBIO VEGETAL
650 _aERVA DANINHA
650 _aTIRIRICA
490 _aBoletim - Instituto de Ecologia e Experimentacao Agricolas (Brazil)
_vno. 23
942 _cAMS
_2AGRIS
909 _a202506
_bLúcia
_c55
_dLúcia Elande
999 _c332553
_d332553